Statistics for Cities by Airport Code - Asia Edition

Click here to take the quiz!

General Stats

  • This quiz has been taken 18 times
  • The average score is 11 of 14

Answer Stats

CodeCity% Correct
BKKBangkok
100%
PEKBeijing
100%
DXBDubai
100%
MNLManila
100%
BOMMumbai
100%
DELDelhi
94%
NRTTokyo
94%
KULKuala Lumpur
89%
KTMKathmandu
83%
ICNSeoul
78%
CCUKolkata
72%
JRSJerusalem
56%
CANGuangzhou
44%
DIADoha
33%

Score Distribution

Percentile by Number Answered

Percent of People with Each Score

Your Score History

You have not taken this quiz